000 00581nam a22002177a 4500
003 UA-OsUOA
001 53584
007 ta
008 20080411b un ||||| |||| 00| 0 ukr d
100 _aГордейчук В.
090 _a32
_bГ-12
942 _cSA
040 _aUA-OsUOA
_bukr
_cUA-OsUOA
_dUA-OsUOA
245 _aКонституційні засади організації державної влади: теорія і практика
300 _aС.4-5
955 _a0
041 _aukr
080 _a32
773 0 _w53583
650 7 _a32 Політика
_2UDC
999 _c339670
_d339670